PCB loading from sediment in the Hudson river : Congener signature analysis of pathways /

সংরক্ষণ করুন:
গ্রন্থ-পঞ্জীর বিবরন
প্রধান লেখক: Butcher, Jonathan B.
অন্যান্য লেখক: Garvey, Edward A.
বিন্যাস: প্রবন্ধ
ভাষা:English
বিষয়গুলি:
ট্যাগগুলো: ট্যাগ যুক্ত করুন
কোনো ট্যাগ নেই, প্রথমজন হিসাবে ট্যাগ করুন!
Thư viện lưu trữ: Thư viện Trường Đại học Đà Lạt
LEADER 01005nam a2200325 4500
001 DLU090094728
005 ##20091201
040 # # |a DLU  |b eng 
041 # # |a eng 
044 # # |a us 
100 # # |a Butcher, Jonathan B.  
245 # # |a PCB loading from sediment in the Hudson river : Congener signature analysis of pathways /  |c Jonathan B. Butcher, Edward A. Garvey. 
653 # # |a Benthic organism 
653 # # |a Bioturbation 
653 # # |a Organic compounds 
653 # # |a Persistent organic pollutant 
653 # # |a Pollutant behavior 
653 # # |a Sediments 
653 # # |a Water pollution 
700 # # |a Garvey, Edward A. 
773 # # |t Environmental Science & Technology  |g Vol. 38, no. 12 (June 2004), p. 3232-3238 
920 # # |a Phòng Tạp chí -- Trung tâm Thông tin - Thư viện Trường Đại học Đà Lạt 
994 # # |a DLU 
900 # # |a True 
911 # # |a Trương Bảo Trâm Anh 
925 # # |a G 
926 # # |a A 
927 # # |a BB 
980 # # |a Thư viện Trường Đại học Đà Lạt